| 000 | 00522nam a2200145 a 4500 | ||
|---|---|---|---|
| 001 | 000042340 | ||
| 005 | 20201002040106.0 | ||
| 008 | 131127s2013 xxua 000 0 spa d | ||
| 020 | _a9781578376904 | ||
| 040 |
_aDO-SdBNP _bspa _cBNPHU |
||
| 245 | 0 | 0 |
_aBiología en contexto I : _bmanual de referencia. |
| 260 |
_aTexas, Estados Unidos : _bCord Communications, _c2013. |
||
| 300 |
_a75 p. : _bil. ; _c28 cm. |
||
| 500 | _aDesarrollado por CORD, adaptado para el "Proyecto Educación Media Técnica - REACT" República Dominicana | ||
| 999 |
_c41829 _d41829 |
||